<?xml version="1.0" encoding="UTF-8"?>
<record
    xmlns:xsi="http://www.w3.org/2001/XMLSchema-instance"
    xsi:schemaLocation="http://www.loc.gov/MARC21/slim http://www.loc.gov/standards/marcxml/schema/MARC21slim.xsd"
    xmlns="http://www.loc.gov/MARC21/slim">

  <leader>01211nam a2200181Ia 4500</leader>
  <controlfield tag="008">120625s2014    mx A          000 0 spa d</controlfield>
  <datafield tag="020" ind1=" " ind2=" ">
    <subfield code="a">978-607-406-568-8</subfield>
  </datafield>
  <datafield tag="050" ind1=" " ind2=" ">
    <subfield code="a">KGF7511 A28 2014</subfield>
  </datafield>
  <datafield tag="110" ind1=" " ind2=" ">
    <subfield code="a">M&#xE9;xico (Estado) .</subfield>
  </datafield>
  <datafield tag="245" ind1=" " ind2=" ">
    <subfield code="a">Agenda civil del Estado de M&#xE9;xico 2013 : compendio de leyes, reglamentos y otras disposiciones conexas sobre la materia.</subfield>
  </datafield>
  <datafield tag="250" ind1=" " ind2=" ">
    <subfield code="a">25 ed. </subfield>
  </datafield>
  <datafield tag="260" ind1=" " ind2=" ">
    <subfield code="a">M&#xE9;xico :</subfield>
    <subfield code="b">Ediciones Fiscales ISEF,</subfield>
    <subfield code="c">2014</subfield>
  </datafield>
  <datafield tag="300" ind1=" " ind2=" ">
    <subfield code="a">pag. varias</subfield>
  </datafield>
  <datafield tag="505" ind1=" " ind2=" ">
    <subfield code="a">C&#xF3;digo civil del Estado de M&#xE9;xico ; c&#xF3;digo de procedimientos civiles del Estado de M&#xE9;xico ; C&#xF3;digo civil federal ; c&#xF3;digo federal de procedimientos civiles ; ley org&#xE1;nica del poder judicial del estado de M&#xE9;xico; Ley para la protecci&#xF3;n de los derechos de las ni&#xF1;as, ni&#xF1;os y adolescentes del Estado de M&#xE9;xico; Ley del Adulto Mayor del Estado de M&#xE9;xico; Ley para prevenir, combatir y eliminar actos de discriminaci&#xF3;n en el Estado de M&#xE9;xico ; Ley de Instituciones de Asistencia Privada del Estado de M&#xE9;xico ; Ley de Asistencia social del Estado de M&#xE9;xico ; Ley de Notariado del Estado de M&#xE9;xico. </subfield>
  </datafield>
  <datafield tag="650" ind1=" " ind2=" ">
    <subfield code="a">DERECHO CIVIL</subfield>
    <subfield code="z">M&#xE9;xico (ESTADO)</subfield>
  </datafield>
  <datafield tag="650" ind1=" " ind2=" ">
    <subfield code="a">PROCEDIMIENTO CIVIL</subfield>
    <subfield code="z">M&#xE9;xico (ESTADO)</subfield>
  </datafield>
  <datafield tag="942" ind1=" " ind2=" ">
    <subfield code="c">LB</subfield>
    <subfield code="2">lcc</subfield>
  </datafield>
  <datafield tag="952" ind1=" " ind2=" ">
    <subfield code="0">0</subfield>
    <subfield code="1">0</subfield>
    <subfield code="2">lcc</subfield>
    <subfield code="4">0</subfield>
    <subfield code="7">0</subfield>
    <subfield code="a">11</subfield>
    <subfield code="b">11</subfield>
    <subfield code="d">2014-08-20</subfield>
    <subfield code="l">0</subfield>
    <subfield code="o">KGF7511 A28 2014</subfield>
    <subfield code="p">11 010855</subfield>
    <subfield code="r">2014-08-20</subfield>
    <subfield code="t">1</subfield>
    <subfield code="w">2014-08-20</subfield>
    <subfield code="y">LB</subfield>
  </datafield>
  <datafield tag="999" ind1=" " ind2=" ">
    <subfield code="c">93633</subfield>
    <subfield code="d">93633</subfield>
  </datafield>
</record>
